L'ora di Capri /

Sparad:
Bibliografiska uppgifter
Huvudupphov: Cerio, Edwin (Författare, medförfattare)
Materialtyp: Bok
Språk:italienska
Utgiven: Capri : La conchiglia, stampa 2000
Serie:Atyidae ; 27
Ämnen:
Taggar: Lägg till en tagg
Inga taggar, Lägg till första taggen!

MARC

LEADER 00000nam a2200000 ia4500
001 IT\ICCU\CFI\0497218
003 ItRI
005 20251010153025.0
008 010129s2000 it |||||| ||||| |||||c
020 |a 8886443374 
040 |b ita  |c ct 
041 7 |a ita  |2 ISO-639-2 
082 |a 945.73  |2 21 
100 1 |a Cerio, Edwin  |0 IT\ICCU\LO1V\044436  |4 aut 
245 1 2 |a L'ora di Capri /  |c Edwin Cerio. 
260 |a Capri :  |b La conchiglia,  |c stampa 2000 
300 |a 2 v. ;  |c 22 cm. 
650 7 |a Capri <isola>  |x Storia  |2 scbi 
830 0 |a Atyidae ;  |v 27  |0 IT\ICCU\CFI\0229454 
942 |2 ddc  |c BK 
952 |0 0  |1 0  |2 ddc  |4 0  |7 0  |9 7202  |a MI  |b MI  |d 2009-12-21  |i 5757  |l 0  |p CDOM5757  |r 2025-07-13 16:28:00  |w 2025-07-13  |x ACQUISTO  |y BK  |z Due volumi in cofanetto 
981 1 |6 z01  |a i   |b xxxe  
982 1 |6 z01  |a n 
999 |c 5898  |d 5898